Soccer Logos By Letter - E - Statistics

General Stats
  • This quiz has been taken 1,325 times
  • The average score is 7 of 8
Answer Stats
Picture Answer % Correct
England
99%
Everton
98%
Eintracht Frankfurt
90%
Espanyol
87%
Ecuador
81%
Empoli
71%
Elche
70%
Egypt
64%
No matching quizzes found
Score Distribution
Percent of People with Each Score
Percentile by Number Answered
Your Score History
You have not taken this quiz